Annali della Facolt ̉di Giurisprudenza di Taranto Anno I - N. 2

Bibliographic Details
Format: eBook
Language:Italian
Published: Bari : Cacucci Editore, 2008
Subjects:
Online Access:http://www.vlex.com/source/7135

MARC

LEADER 00000nam a22000007a 4500
005 20130301125109.0
007 cr|||| ||||
008 130301e2008 it ar|p s|||| 0|||b1ita d
020 |a 978-88-8422-791-1 
035 |a 7135 
040 |a vLex 
090 |c 3805  |d 3805 
245 0 0 |a Annali della Facolt ̉di Giurisprudenza di Taranto  |b Anno I - N. 2  |h [Recurso electrn̤ico] 
256 |a Servicio en ln̕ea 
260 |a Bari :  |b Cacucci Editore,   |c 2008 
300 |a 1 Recurso electrn̤ico 
506 |d vLex Global  |d vLex Global (Academic Edition, excluding Law Schools)  |d vLex Global (U.S. Academic Edition, Law Schools)  |d vLex Global (U.S. Academic Edition, excluding Law Schools)  |d vLex Global (Academic Edition, Law Schools) 
650 0 4 |a Jurisprudencia  |v Revistas  |z Italia 
650 0 4 |a Derecho  |v Revistas  |z Italia 
740 |a vLex Libros (Servicio en ln̕ea) 
856 |a Acceso restringido  |u http://www.vlex.com/source/7135 
942 |c BOOK 
999 0 |a Jurisprudence